Teoría y problemas de ecuaciones diferenciales (Registro nro. 8143)

Detalles MARC
000 -LEADER
fixed length control field 02939 a2200229 4500
001 - CONTROL NUMBER
control field 63359
005 - DATE AND TIME OF LATEST TRANSACTION
control field 20260407155931.0
008 - FIXED-LENGTH DATA ELEMENTS--GENERAL INFORMATION
fixed length control field 260407a1969 arg spa d
003 - CONTROL NUMBER IDENTIFIER
control field AR-UNSa-BCEJYS
040 ## - CATALOGING SOURCE
Original cataloging agency AR-UNSa-BCEJYS
Language of cataloging spa
Transcribing agency AR-UNSa-BCEJYS
080 ## - UNIVERSAL DECIMAL CLASSIFICATION NUMBER
Universal Decimal Classification number 517.9
Common auxiliary subdivision Ecuaciones diferenciales. Ecuaciones integrales. Otras ecuaciones funcionales. Diferencias finitas. Cálculo de variaciones. Análisis funcional
041 ## - LANGUAGE CODE
Language code of text/sound track or separate title spa
100 1# - MAIN ENTRY--PERSONAL NAME
Personal name Ayres, Frank, Jr.
245 10 - TITLE STATEMENT
Title Teoría y problemas de ecuaciones diferenciales
250 ## - EDITION STATEMENT
Edition statement 4a. reimp.
264 #1 - PRODUCTION, PUBLICATION, DISTRIBUTION, MANUFACTURE, AND COPYRIGHT NOTICE
Place of production, publication, distribution, manufacture Bogotá :
Name of producer, publisher, distributor, manufacturer Libros McGraw-Hill
Date of production, publication, distribution, manufacture, or copyright notice 1969
300 ## - PHYSICAL DESCRIPTION
Extent 293 p.
Dimensions 27 cm.
505 ## - FORMATTED CONTENTS NOTE
Formatted contents note 1. Origen de las ecuaciones diferenciales – 2. Soluciones de las ecuaciones diferenciales – 3. Ecuaciones de primer orden y primer grado – 4. Ecuaciones de primer orden y primer grado – Separación de variables y reducción a separación de variables – 5. Ecuaciones de primer orden y primer grado – ecuaciones diferenciales exactas y reducción a ecuaciones diferenciales exactas – 6. Ecuaciones de primer orden y primer grado – Ecuaciones lineales y ecuaciones reducibles a lineales – 7. Aplicaciones geométricas – 8. Aplicaciones físicas – 9. Ecuaciones de primer orden y grado superior – 10. Soluciones singulares. Lugares geométricos extraños – 11. Aplicaciones de las ecuaciones de primer orden y grado superior – 12. Ecuaciones lineales de orden – 13. Ecuaciones lineales homogéneas con coeficientes constantes – 14. Ecuaciones lineales con coeficientes constantes – 15. Ecuaciones lineales con coeficientes constantes.- Variación de parámetros, coeficientes indeterminados – 16. Ecuaciones lineales con coeficientes constantes. – Métodos abreviados – 17. . Ecuaciones lineales con coeficientes variables. – Las ecuaciones lineales de Cauchy y Legendre – 18. . Ecuaciones lineales con coeficientes variables. – Ecuaciones de segundo orden – 19. . Ecuaciones lineales con coeficientes variables. – Diversos tipos – 20. Aplicaciones de las ecuaciones lineales – 21. Sistemas de ecuaciones lineales simultaneas – 22. Ecuaciones diferenciales totales – 23. Aplicaciones de las ecuaciones totales y simultáneas – 24. Resolución mediante aproximaciones numéricas – 25. Integración por series – 26. Integración por series – 27. Ecuaciones de Legendre, Bessel y Gauss – 28. Ecuaciones entre derivadas – 29. Ecuaciones entre derivadas parciales de primer orden – 30. . Ecuaciones entre derivadas parciales no lineales de primer orden – 31. Ecuaciones homogéneas entre derivadas parciales de orden superior con coeficientes constantes – 32. Ecuaciones lineales no homogéneas con coeficientes constantes – 33. Ecuaciones de segundo orden entre derivadas parciales con coeficientes variables –
590 ## - LOCAL NOTE (RLIN)
Local note niveau_biblio:m niveau_hierar:0
700 1# - ADDED ENTRY--PERSONAL NAME
Personal name Gómez de Dios, Tomás
942 ## - ADDED ENTRY ELEMENTS (KOHA)
Koha item type
Existencias
Withdrawn status Lost status Damaged status Not for loan Home library Current library Shelving location Date acquired Total checkouts Full call number Barcode Date last seen Price effective from Koha item type
        Biblioteca Prof. Eusebio Cleto del Rey Biblioteca Prof. Eusebio Cleto del Rey   07/04/2026   517.9 A985 L24363 07/04/2026 07/04/2026 Libro